| 000 | 00894 a2200217 4500 | ||
|---|---|---|---|
| 005 | 20080912160547.0 | ||
| 008 | 080912t xxu||||| |||| 00| 0 eng d | ||
| 010 | _aENG-87767 | ||
| 020 |
_c350.00 _a8183186149 |
||
| 035 | _aEN-71300 | ||
| 037 | _bD.B.Act / Pub | ||
| 082 | _a658.404 | ||
| 100 | _aNarendra Singh | ||
| 245 |
_aProblems and solutions in project management and control _cby Narendra Singh |
||
| 250 | _a3rd rev. ed. | ||
| 260 |
_aMumbai _bHimalaya Publishing House _c2007 |
||
| 270 |
_a"Ramdoot", Dr. Bhalerao Marg, (Kelewadi), Girgaon _bMumbai _e400 004 _k022-23860170, 022-23863863 _mhimpub@vsnl.com |
||
| 300 |
_a600 p. _c24 cm. (Pbk) |
||
| 942 |
_adpl _cEN _k658.404 / NAR _2ddc _h658.404 _mNAR |
||
| 999 |
_c6916 _d6916 |
||